Trivia Quotidien #4 - Quiz du 8 mai 2024 - Statistiques

Statistiques générales
  • Ce quiz a été pris 394 fois
  • Le résultat moyen est 8 sur 10
Statistiques - réponses
Question Réponse % Correct
Lequel de ces éléments n'est PAS un emblème national français actuel ? La main de justice
94%
Qui joue le rôle d'un handicapé tétraplégique dans Intouchables ? François Cluzet
88%
Lequel de ces éléments est le plus proche de la Terre ? La Lune
88%
Qu'est-ce que la télékinésie permettrait de faire ? Bouger des objets sans les toucher
82%
Comment s'appelle le fils de Johnny Hallyday ? David
82%
Qui est le voisin de la famille des Simpson ? Ned Flanders
82%
Quelle organisation criminelle James Bond a-t-il combattu à plusieurs reprises ? SPECTRE
82%
Lequel de ces termes n'est PAS un acronyme ? ZOOM
76%
Dans quel pays les vuvuzelas ont-ils été popularisés ? L'Afrique du Sud
71%
Une seule d'entre elles fait partie des langues sémitiques. Laquelle ? L'arabe
47%
Aucun quiz correspondant
Distribution des résultats
% des personnes avec chaque résultat
Percentile par nombre de réponses
Votre historique - résultats
Vous n’avez pas pris ce quiz